000 00925 a2200253 4500
005 20180312141943.0
008 131004b sp ||||br|||| 00| 0 spa d
020 _a8480554134
040 _aCO-BoUCM
_bspa
_cJose A. Gerena
_dJose A. Gerena
041 0 _aspa
100 1 _aBarros, Virginia
_947265
245 1 3 _aEl muñeco de nieve
_ctextos de Virginia Barros, Esther de la Paz ; ilustraciones de Juan Pablo Mora
260 _bCultural
_aMadrid (España)
_c[sin fecha]
300 _a[16] páginas
_bilustraciones a color
490 _aDivertiletras
_v14
650 7 _918684
_aLiteratura infantil española
650 7 _918516
_aLibros ilustrados para niños
650 7 _918524
_aLibros y lectura para niños
690 _942863
_aLiteratura europea
700 1 _aMora, Juan Pablo
_eilustrador
_947443
700 1 _aPaz, Esther de la
_947266
942 _a18
_cLIBRO
_e1
_mB277ñ
_2LOCAL
_h868.64
_n0
999 _c181863
_d181863